ARRUPE JESUIT UNIVERSITY

CORONAVIRUS -STOP THE SPREAD - CLEAN,DISINFECT,COVER

Farewell to reason (Record no. 130940)

MARC details
000 -LEADER
fixed length control field 00397nam a22001457a 4500
008 - FIXED-LENGTH DATA ELEMENTS--GENERAL INFORMATION
fixed length control field 211026b ||||| |||| 00| 0 eng d
020 ## - INTERNATIONAL STANDARD BOOK NUMBER
International Standard Book Number 0860918963
050 ## - LIBRARY OF CONGRESS CALL NUMBER
Classification number B29.F448 1987
100 ## - MAIN ENTRY--PERSONAL NAME
Personal name Feyerabend, Paul
9 (RLIN) 50586
245 ## - TITLE STATEMENT
Title Farewell to reason
Statement of responsibility, etc /by Paul, Feyerabend
260 ## - PUBLICATION, DISTRIBUTION, ETC. (IMPRINT)
Place of publication, distribution, etc London:
Name of publisher, distributor, etc Verso,
Date of publication, distribution, etc c1987.
300 ## - PHYSICAL DESCRIPTION
Extent viii,327p.;
Dimensions 22cm.
650 ## - SUBJECT ADDED ENTRY--TOPICAL TERM
Topical term or geographic name as entry element Philosophy
942 ## - ADDED ENTRY ELEMENTS (KOHA)
Source of classification or shelving scheme Library of Congress Classification
Item type Monograph ( Printed materials)

No items available.

 

Arrupe Library. PO Box MP320 Mt Pleasant, Harare, Zimbabwe
263 242 745411|librarian@aju.ac.zw